Library Banner

Directions in staff development (Record no. 3640)

MARC details
000 -LEADER
fixed length control field 00452nam a2200181Ia 4500
001 - CONTROL NUMBER
control field 3393
008 - FIXED-LENGTH DATA ELEMENTS--GENERAL INFORMATION
fixed length control field 140317s9999 xx 000 0 und d
020 ## - INTERNATIONAL STANDARD BOOK NUMBER
International Standard Book Number 0-335-19270-x
040 ## - CATALOGING SOURCE
Transcribing agency PK-LaUMT
082 ## - DEWEY DECIMAL CLASSIFICATION NUMBER
Classification number 378.125
Item number DIR-
100 ## - MAIN ENTRY--PERSONAL NAME
Personal name Brew, Angela, Ed.
245 ## - TITLE STATEMENT
Title Directions in staff development
Statement of responsibility, etc Brew, Angela, Ed.
260 ## - PUBLICATION, DISTRIBUTION, ETC. (IMPRINT)
Place of publication, distribution, etc Bristol:
Name of publisher, distributor, etc Oxford University Press,
Date of publication, distribution, etc 1995
300 ## - PHYSICAL DESCRIPTION
Extent 231 p.
546 ## - LANGUAGE NOTE
Language note EN
650 ## - SUBJECT ADDED ENTRY--TOPICAL TERM
Topical term or geographic name as entry element College
942 ## - ADDED ENTRY ELEMENTS (KOHA)
Koha item type Books
Holdings
Withdrawn status Lost status Damaged status Not for loan Home library Current library Date acquired Total Checkouts Full call number Barcode Date last seen Price effective from Koha item type
        UMT Main Campus UMT Main Campus 2014-03-17   378.125 DIR- 4256 2014-03-17 2014-03-17 Books